000 00459nam a22001817a 4500
999 _c7808
_d7806
005 20210904135850.0
008 210821b ||||| |||| 00| 0 eng d
020 _a9781845922412
041 _aeng
082 _a614.102
100 _aCOWAN , SHARON AND HUNT, A.C.
_96537
245 _aMASONS FORENSIC MEDICINE FOR LOWYERS
250 _a5th, Ed.
260 _aU.K.[W.S]
_bTOTTEL PUBLISHING
_c2008
300 _a618;p.
650 _aLAW
_95701
942 _cBK